CADISE collaborative management : (Record no. 31031)

MARC details
000 -LEADER
fixed length control field 01721aam a2200397 i 4500
001 - CONTROL NUMBER
control field 006744881
003 - CONTROL NUMBER IDENTIFIER
control field EG-ScBUE
005 - DATE AND TIME OF LATEST TRANSACTION
control field 20251130104348.0
008 - FIXED-LENGTH DATA ELEMENTS--GENERAL INFORMATION
fixed length control field 030224s2002 enka f 000 0 eng d
020 ## - INTERNATIONAL STANDARD BOOK NUMBER
International Standard Book Number 9780954413316
020 ## - INTERNATIONAL STANDARD BOOK NUMBER
International Standard Book Number 0954413318
040 ## - CATALOGING SOURCE
Original cataloging agency EG-ScBUE
Language of cataloging eng
Description conventions rda
Transcribing agency EG-ScBUE
Modifying agency EG-ScBUE
082 04 - DEWEY DECIMAL CLASSIFICATION NUMBER
Classification number 700.711
Edition number 22
Item number CAD
245 00 - TITLE STATEMENT
Title CADISE collaborative management :
Remainder of title lessons learnt : a case study on collaborative management for small specialist institutions in the UK /
Statement of responsibility, etc edited by Gail Goodwin and Bethan O'Neil.
264 #1 - PUBLICATION, DISTRIBUTION, ETC. (IMPRINT)
Place of publication, distribution, etc Surrey :
Name of publisher, distributor, etc Cadise,
Date of publication, distribution, etc 2002.
300 ## - PHYSICAL DESCRIPTION
Extent 139 pages :
Other physical details illustrations ;
Dimensions 31 cm
336 ## - CONTENT TYPE
Content type term text
Source rdacontent
Content type code txt
337 ## - MEDIA TYPE
Media type term unmediated
Source rdamedia
Media type code n
338 ## - CARRIER TYPE
Carrier type term volume
Source rdacarrier
Carrier type code nc
504 ## - BIBLIOGRAPHY, ETC. NOTE
Bibliography, etc Includes bibliographical references.
505 0# - FORMATTED CONTENTS NOTE
Formatted contents note Partial contents: Proceedings of the CADISE Collaborative Management Conference held at the the Royal Geographical Society, 2002.
650 #7 - SUBJECT ADDED ENTRY--TOPICAL TERM
Topical term or geographic name as entry element Consortia
General subdivision Management.
Source of heading or term BUEsh
650 #7 - SUBJECT ADDED ENTRY--TOPICAL TERM
Topical term or geographic name as entry element Consortia
General subdivision Management
Form subdivision Congresses.
Source of heading or term BUEsh
650 #7 - SUBJECT ADDED ENTRY--TOPICAL TERM
Topical term or geographic name as entry element Arts
General subdivision Study and teaching (Higher)
Source of heading or term BUEsh
650 #7 - SUBJECT ADDED ENTRY--TOPICAL TERM
Topical term or geographic name as entry element Arts
General subdivision Study and teaching (Higher)
Form subdivision Congresses.
Source of heading or term BUEsh
650 #7 - SUBJECT ADDED ENTRY--TOPICAL TERM
Topical term or geographic name as entry element Design
General subdivision Study and teaching (Higher)
Source of heading or term BUEsh
650 #7 - SUBJECT ADDED ENTRY--TOPICAL TERM
Topical term or geographic name as entry element Design
General subdivision Study and teaching (Higher)
Form subdivision Congresses.
Source of heading or term BUEsh
650 #7 - SUBJECT ADDED ENTRY--TOPICAL TERM
Topical term or geographic name as entry element Universities and colleges in art
General subdivision Management.
Source of heading or term BUEsh
650 #7 - SUBJECT ADDED ENTRY--TOPICAL TERM
Topical term or geographic name as entry element Universities and colleges in art
General subdivision Management
Form subdivision Congresses.
Source of heading or term BUEsh
655 ## - INDEX TERM--GENRE/FORM
Form subdivision Reading book
700 1# - ADDED ENTRY--PERSONAL NAME
Personal name Goodwin, Gail,
Relator term editor.
700 1# - ADDED ENTRY--PERSONAL NAME
Personal name O'Neil, Bethan,
Relator term editor.
711 2# - ADDED ENTRY--MEETING NAME
Meeting name or jurisdiction name as entry element CADISE Collaborative Management Conference
Date of meeting (2002 :
Location of meeting Royal Geographical Society)
942 ## - ADDED ENTRY ELEMENTS (KOHA)
Source of classification or shelving scheme Dewey Decimal Classification
Koha item type Book - Borrowing
Holdings
Withdrawn status Lost status Source of classification or shelving scheme Damaged status Not for loan Collection code Home library Current library Shelving location Date acquired Source of acquisition Total Checkouts Full call number Barcode Date last seen Price effective from Koha item type
    Dewey Decimal Classification     Donation-Gift Central Library Central Library Second Floor 30/11/2025 Donation   700.711 CAD 000057429 30/11/2025 30/11/2025 Book - Borrowing